[Event "Kort Påske 1"]
[Site "?"]
[Date "2018.03.25"]
[Round "3.17"]
[White "Elmer Rasmussen (1346), Erik"]
[Black "Skafte Jespersen (1205), Andreas"]
[Result "1-0"]
[BlackElo "1205"]
[WhiteElo "1346"]
[LiveChessVersion "1.4.8"]

1. e4 {[%clk 1:30:10]} e5 {[%clk 1:30:44]} 2. Bc4 {[%clk 1:30:24]} Nc6
{[%clk 1:30:37]} 3. Nf3 {[%clk 1:28:38]} Bc5 {[%clk 1:30:57]} 4. O-O
{[%clk 1:22:15]} Nf6 {[%clk 1:29:40]} 5. d3 {[%clk 1:21:28]} h6 {[%clk 1:27:50]}
6. Re1 {[%clk 1:14:58]} O-O {[%clk 1:27:15]} 7. h3 {[%clk 1:12:08]} d6
{[%clk 1:25:34]} 8. c3 {[%clk 1:11:18]} a6 {[%clk 1:24:41]} 9. d4
{[%clk 1:10:45]} exd4 {[%clk 1:23:44]} 10. cxd4 {[%clk 1:10:42]} Ba7
{[%clk 1:23:59]} 11. a4 {[%clk 1:05:30]} Re8 {[%clk 1:21:15]} 12. Nc3
{[%clk 1:04:46]} Qd7 {[%clk 1:15:09]} 13. Bf4 {[%clk 0:54:37]} Ne7
{[%clk 1:09:29]} 14. Qd2 {[%clk 0:44:37]} Ng6 {[%clk 1:08:57]} 15. Bxh6 gxh6 16.
Qxh6 Nh7 17. Qxg6+ {[%clk 0:39:05]} Kh8 {[%clk 1:05:21]} 18. Qxf7
{[%clk 0:37:50]} Qxf7 {[%clk 1:03:24]} 19. Bxf7 {[%clk 0:38:12]} Re7
{[%clk 1:03:50]} 20. Bc4 {[%clk 0:35:54]} Rg7 {[%clk 1:03:20]} 21. g4
{[%clk 0:35:35]} Bd7 {[%clk 1:03:03]} 22. Rf1 {[%clk 0:33:16]} Nf6
{[%clk 1:02:25]} 23. Kh2 {[%clk 0:29:09]} Rf8 {[%clk 1:00:05]} 24. Be2
{[%clk 0:27:18]} Rfg8 {[%clk 0:58:42]} 25. Rg1 {[%clk 0:21:44]} Nxg4+
{[%clk 0:44:44]} 26. hxg4 {[%clk 0:20:07]} Rh7+ {[%clk 0:45:05]} 27. Kg2
{[%clk 0:18:48]} Bxg4 {[%clk 0:45:11]} 28. Kf1 {[%clk 0:14:48]} Bh3+
{[%clk 0:42:24]} 29. Ke1 {[%clk 0:14:42]} Rxg1+ {[%clk 0:42:31]} 30. Nxg1
{[%clk 0:14:59]} Bxd4 {[%clk 0:42:42]} 31. Nxh3 {[%clk 0:14:05]} Rxh3
{[%clk 0:43:10]} 32. f3 {[%clk 0:09:04]} Rh1+ {[%clk 0:39:47]} 33. Bf1
{[%clk 0:09:29]} c6 {[%clk 0:39:42]} 34. Rd1 {[%clk 0:09:45]} Bc5
{[%clk 0:38:44]} 35. Na2 {[%clk 0:08:58]} Rh2 {[%clk 0:36:43]} 36. Rd2
{[%clk 0:09:06]} Rxd2 {[%clk 0:35:24]} 37. Kxd2 {[%clk 0:09:25]} Kg7
{[%clk 0:35:52]} 38. b3 {[%clk 0:07:49]} Kf6 {[%clk 0:35:52]} 39. f4
{[%clk 0:07:38]} Bf2 {[%clk 0:34:31]} 40. Nc3 {[%clk 0:07:11]} Bc5
{[%clk 0:34:10]} 41. Ne2 {[%clk 0:06:13]} Bf2 {[%clk 0:33:42]} 42. Kd3
{[%clk 0:03:41]} Bh4 {[%clk 0:32:31]} 43. Bh3 {[%clk 0:03:51]} b6
{[%clk 0:31:38]} 44. Bd7 {[%clk 0:02:59]} c5 {[%clk 0:31:40]} 45. Bc8
{[%clk 0:03:06]} a5 {[%clk 0:31:57]} 46. Kc4 {[%clk 0:03:28]} Kf7
{[%clk 0:31:12]} 47. Kb5 {[%clk 0:02:37]} Bd8 {[%clk 0:31:41]} 48. Kc6
{[%clk 0:01:39]} Kg6 {[%clk 0:26:22]} 49. f5+ {[%clk 0:01:28]} Kg5
{[%clk 0:24:45]} 50. Kxd6 {[%clk 0:01:46]} 1-0